Draft Marine Bill, Coastal Access Provisions (Record no. 108555)

MARC details
000 -LEADER
fixed length control field 02153cad a22002415a 4500
001 - CONTROL NUMBER
control field L144603
008 - FIXED-LENGTH DATA ELEMENTS--GENERAL INFORMATION
fixed length control field 080730e20080714xxk f lf000 0 eng d
035 ## - SYSTEM CONTROL NUMBER
System control number (Sirsi) u144603
041 0# - LANGUAGE CODE
Language code of text/sound track or separate title eng
050 04 - LIBRARY OF CONGRESS CALL NUMBER
Classification number 333.9164 $2 18
110 2# - MAIN ENTRY--CORPORATE NAME
Corporate name or jurisdiction name as entry element United Kingdom Parliament
Subordinate unit Environment, Food and Rural Affairs Committee
9 (RLIN) 5580
245 00 - TITLE STATEMENT
Title Draft Marine Bill, Coastal Access Provisions
Remainder of title ninth report of session 2007-08 (volume I)
Medium [electronic resource]
260 ## - PUBLICATION, DISTRIBUTION, ETC.
Place of publication, distribution, etc. London
Name of publisher, distributor, etc. UK Parliament
Date of publication, distribution, etc. 2008
505 2# - FORMATTED CONTENTS NOTE
Formatted contents note Background to the proposals: history; the government's vision; consideration of options; Natural England's advice to government; Defra's consultation and appraisal of options; what Part 9 of the Bill does -- Is new legislation the most appropriate method by which to create coastal access? -- The role of Natural England: discretion given to Natural England; Parliamentary scrutiny -- Appeal process -- Compensation -- Parks and gardens -- Cost -- Long-term maintenance -- Liability: reduced occupiers' liability; mapping of spreading room; spreading room; animals -- Dog management -- 'Higher rights' -- Conclusions and recommendations -- Formal minutes -- Witnesses -- Lists of written evidence -- Lists of unprinted evidence
520 ## - SUMMARY, ETC.
Summary, etc. Discusses pre-legislative scrutiny of the Draft Marine Bill (Coastal Access Provisions) and responds to the 74 written submissions provided during the call for evidence. Covers the need to balance public rights to access the coast with those of private landowners etc.
520 ## - SUMMARY, ETC.
Summary, etc. The Marine and Coastal Access Bill has now gone before the House of Lords for the 2008/09 session. It can be viewed at http://services.parliament.uk/bills/2008-09/marineandcoastalaccess.html
521 ## - TARGET AUDIENCE NOTE
Target audience note Advanced
651 #4 - SUBJECT ADDED ENTRY--GEOGRAPHIC NAME
Geographic name United Kingdom
Chronological subdivision
690 ## - LOCAL SUBJECT ADDED ENTRY--TOPICAL TERM (OCLC, RLIN)
Topical term or geographic name as entry element PROPERTY-RURAL AND NATURAL ASSETS-RURAL AND NATURAL ASSET MANAGEMENT-COASTAL MANAGEMENT
690 ## - LOCAL SUBJECT ADDED ENTRY--TOPICAL TERM (OCLC, RLIN)
Topical term or geographic name as entry element PROPERTY-RURAL AND NATURAL ASSETS-RURAL AND NATURAL ASSET MANAGEMENT-COASTAL MANAGEMENT
856 48 - ELECTRONIC LOCATION AND ACCESS
Uniform Resource Identifier <a href="https://www.publications.parliament.uk/pa/cm200708/cmselect/cmenvfru/656/656.pdf">https://www.publications.parliament.uk/pa/cm200708/cmselect/cmenvfru/656/656.pdf</a>
Public note View the report free of charge at www.parliament.uk...
942 ## - ADDED ENTRY ELEMENTS (KOHA)
Suppress in OPAC 0
Holdings
Withdrawn status Lost status Source of classification or shelving scheme Damaged status Not for loan Home library Current library Shelving location Date acquired Total Checkouts Full call number Barcode Date last seen Copy number Price effective from Koha item type
    Dewey Decimal Classification     Virtual Virtual Online 30/07/2008   ONLINE PUBLICATION 144603-1001 06/08/2019 1 06/08/2019 Book